Teoría general de la ocupación, el interés y el dinero

Saved in:
Bibliografiske detaljer
Hovedforfatter: Keynes, John Maynard (Author)
Format: Bog
Sprog:spansk
Udgivet: Barcelona RBA 2004
Serier:Biblioteca de los Grandes Pensadores
Fag:
Tags: Tilføj Tag
Ingen Tags, Vær først til at tagge denne postø!

MARC

LEADER 00000nam a2200000 a 4500
001 UCK5674
003 CL-VaPUC
005 20220107074153.0
008 050812e20040000SP |||||||||||||||||spa|d
999 |c 314170  |d 314168 
020 |a 844733192X 
040 |c Pontificia Universidad Católica de Valparaíso 
082 0 4 |a 331.01  |b KEY  |2 21 
100 |a Keynes, John Maynard  |e author  |9 859135 
245 1 0 |a Teoría general de la ocupación, el interés y el dinero 
260 |a Barcelona  |b RBA  |c 2004 
300 |a 400 p 
490 0 |a Biblioteca de los Grandes Pensadores 
583 |a last modification  |c 20050812 00:00:00  |k Rodrigo Vera 
650 0 |a Teorías económicas  |9 270968 
650 7 |a CONDICIONES DE EMPLEO  |2 CL-VaPUC  |9 342232 
650 7 |a ECONOMIA DEL TRABAJO  |2 CL-VaPUC  |9 320317 
852 |a BIBCUR 
942 |c BK  |2 ddc 
945 |d 20050812 00:00:00  |a jcarroza 
952 |0 0  |1 0  |4 0  |6 331_010000000000000_KEY_2004  |7 0  |8 A  |9 386164  |a BIBING  |b BIBING  |d 2019-11-22  |i 4155106  |o 331.01 KEY 2004  |p 4155106  |r 2025-01-20  |w 2019-11-22  |y BK  |k ING